000 00886nac a22002291u 4500
010 _a012969351
020 _a0415284260 (pbk.)
028 _bwww.bl.uk
082 _a306
_bEd33
090 _c2762
_d2762
100 _aEdgar, Andrew.
245 _aCultural theory :
_bthe key concepts/
_cedited by Andrew Edgar and Peter Sedgwick.
260 _aLondon : 2002 (2004 [printing])
_bRoutledge ,2004
_c2002 (2004 [printing])
300 _axvii,
_b506 p. ;
_c 22 cm.
490 _a( Routledge key guides)
500 _aOriginally published as: Key concepts in cultural theory. 1999
504 _a Includes bibliographical references and index.
600 _asedgwick,peter.
650 _aCulture -- Terminology -- Dictionaries.
942 _cBB
_k306 Ed33
999 _c2762
_d2762